01335nam a2200325 i 4500003000900000005001700009008004100026040004300067041000800110082002300118092000700141099003100148100003000179245005900209264002700268300002300295336002400318337002800342338004300370504003700413546002400450650006600474651001000540856005700550905001600607942001900623999001700642952017500659952017500834EG-GICUC20260121101516.0251217s1931 fr ||||fr|||| 000 0 fre d aEG-GiCUCbfrecEG-GiCUCdEG-GiCUCeRda afre04221a341.84bSM . C04221 aLaw1 12 341.84 SM . C 19311 aSmyrniadis, Bion eAuteur14aLes Conflits De Lois en Egypte /cpar Bion Smyrniadis. 1aParis :bSirey,c1931. a63 pages ;c24 cm. 2rda contenua texte 2rda mediasaOrdinateur 2 transporteur rdaa Ressource en ligne aInclude Bibliographic references aTexte en français14aConflit de loisxDroit international privé2qrmakzÉgypte1 2qrmak40uhttps://fll.law.cu.edu.eg/fulltext/bks/B12-01570.pdf a75eHassnaa 2ddcn0cBKe21 c51157d51157 00102ddc40718القانون الدولي الخاصaCUbLAW1d2025-12-17l0oLaw1 12 341.84 SM . C 1931 1201570 C1pB12-01570r2025-12-17 10:53:00t1w2025-12-17yBK 00102ddc40708القانون الدولي الخاصaCUbLAW1d2025-12-17l0oLaw1 12 341.84 SM . C 1931 1201571 C2pB12-01571r2025-12-17 10:56:00t2w2025-12-17yBK